| 000 | 00814nam a2200217 a 4500 | ||
|---|---|---|---|
| 005 | 20210219161646.0 | ||
| 008 | 081007s1985 mx r 000 0 spa d | ||
| 020 | _a98060480509 | ||
| 035 | _aUPN01000189325 | ||
| 049 | _aUNE | ||
| 080 | _a378 (728.7) EDU | ||
| 245 | 0 | 3 |
_aLa Educación Superior en Panama / _cpreparado por la Dirección de Planificación Universitaria de la Universidad de Panamá |
| 260 |
_aCaracas : _bCRESALC, _c1985. |
||
| 300 |
_a113 p. ; _bcuadr., map. |
||
| 440 | 0 | _aMonografía | |
| 500 | _aIncluye bibliografía | ||
| 690 | _aEnseñanza superior- Panamá | ||
| 710 | 2 | _aCRESALC. Centro Regional para la Educación Superior en América Latina y el Caribe | |
| 710 | 1 | _aPanamá Consejo Nacional de Rectores. Oficina de Planificación de la Educación Superior. | |
| 905 | _aUNESCO | ||
| 999 |
_c161428 _d161428 |
||